| 000 | 00466cam a2200193ua 4500 | ||
|---|---|---|---|
| 020 | _c10.00 | ||
| 041 |
_aeng _h |
||
| 082 |
_a516 _bBAR/EL |
||
| 100 | _aBarnard, S . | ||
| 245 |
_aElements of geometry / _cS.Barnard. _hTextual Documents |
||
| 250 |
_a1 / _b. |
||
| 260 |
_aNew York : _bMacMillan and Company Limited , _c1962. |
||
| 300 | _a466 ; . | ||
| 365 | _a10.00 | ||
| 504 | _a | ||
| 700 | 1 | _aChild, J M . | |
| 942 | _cBK | ||
| 999 |
_c3020 _d3020 |
||